Plus Grandes Villes Suisse - Statistiques

Statistiques générales
  • Ce quiz a été pris 224 fois
  • Le résultat moyen est 15 sur 30
Statistiques - réponses
Ville
Population
(en milliers)
% Correct
Genève 201
100%
Zurich 415
97%
Berne 133
95%
Lausanne 139
93%
Bâle 177
91%
Neuchâtel 33
76%
Lucerne 81
75%
Saint Gall 75
73%
Fribourg 38
72%
Lugano 63
72%
Sion 34
71%
Montreux 26
63%
Bienne 55
56%
Winterthour 111
55%
Yverdon les Bains 30
51%
Thoune 43
44%
Zoug 30
43%
Coire 37
41%
Schaffhouse 36
40%
La Chaux de Fonds 37
38%
Bellinzone 43
37%
Lancy 32
19%
Vernier 34
18%
Rapperswil Jona 26
15%
Köniz 41
14%
Dietikon 27
12%
Uster 34
12%
Emmen 30
10%
Kriens 27
8%
Dübendorf 28
6%
Aucun quiz correspondant
Distribution des résultats
% des personnes avec chaque résultat
Percentile par nombre de réponses
Votre historique - résultats
Vous n’avez pas pris ce quiz